| 000 | 00471cam a2200193ua 4500 | ||
|---|---|---|---|
| 001 | 9369 | ||
| 005 | 20260515114446.0 | ||
| 008 | 150813n ii |||gr||||Z||||||asm | ||
| 040 | _cMAIN | ||
| 041 | _aasm | ||
| 082 | _a891.433N | ||
| 100 |
_aPremchand, _eAuthor. |
||
| 245 | 1 |
_aPratigya _cby Premchand |
|
| 260 |
_a[s.l: _bs.n.] _c1962. |
||
| 300 | _a190p. | ||
| 653 | _aEast Indo-European & Celtic literatures | ||
| 700 |
_aPhukan, Nirupoma, _eTranslator. |
||
| 942 | _cBK | ||
| 999 |
_c8420 _d8420 |
||